000 00868nam a2200289 4500
001 C2-0118737
003 PPAK
005 20220518154035.0
008 970803s1981 my |||e ||||o0 | p may d
020 _qpaperback
040 _aPPAK
_beng
_cPPAK
_erda
082 0 4 _a899.231
_223
090 0 0 _a899.231
_bLAT
_dG
090 2 0 _a899.231
_bLAT
_dKIH
090 2 0 _a899.231
_bLAT
_dKSA
090 2 0 _a899.231
_bLAT
_dKAO
100 0 _aLatiff Mohidin,
_d1938-
_eauthor.
245 1 0 _aSungai mekong =
_bmekong river /
_clatiff mohidin ; translated by Mansor Ahmad Saman
264 1 _aKuala Lumpur :
_bDewan Bahasa dan Pustaka,
_c1981
300 _avii, 79 pages ;
_c21 cm
336 _2rdacontent
_atext
337 _2rdamedia
_aunmediated
338 _2rdacarrier
_avolume
650 1 0 _aMalay poetry
700 0 _aMansor Ahmad Saman,
_d1949-
_etranslator.
942 _cB
_2ddc
999 _c32507
_d32507